Le positivisme juridique
Spremljeno u:
| Glavni autori: | , , |
|---|---|
| Format: | Knjiga |
| Jezik: | francuski |
| Izdano: |
Bruselas
L.G.D.J
1992
|
| Serija: | <La >Pensée Juridique Moderne
|
| Teme: | |
| Oznake: |
Dodaj oznaku
Bez oznaka, Budi prvi tko označuje ovaj zapis!
|
MARC
| LEADER | 00000nam a2200000 a 4500 | ||
|---|---|---|---|
| 001 | UCT4438 | ||
| 003 | CL-VaPUC | ||
| 008 | 961114e19920000BE |||||||||||||||||fre|d | ||
| 082 | 0 | 4 | |a 340.109 |b GRZ |2 21 |
| 100 | |a Grzegorczyk, Christophe |e author |9 395060 | ||
| 700 | 0 | |a Michaut, Francoise |e author |9 373755 | |
| 700 | 0 | |a Troper, Michel |e author |9 46 | |
| 245 | 1 | 3 | |a Le positivisme juridique |
| 300 | |a 535 p | ||
| 942 | |c BK | ||
| 945 | |d 19961114 00:00:00 |a nastorga | ||
| 260 | |a Bruselas |b L.G.D.J |c 1992 | ||
| 650 | 0 | |a Positivismo jurídico |9 255992 | |
| 650 | 0 | |a Filosofía del derecho |9 255050 | |
| 650 | 0 | |a Delitos |9 224143 | |
| 650 | 0 | |a Sociología |9 255410 | |
| 650 | 7 | |a NORMAS SOCIALES |2 CL-VaPUC |9 339732 | |
| 650 | 7 | |a MARXISMO |2 CL-VaPUC |9 373756 | |
| 650 | 0 | |a Realismo |9 259117 | |
| 650 | 0 | |a Ideologías |9 255200 | |
| 650 | 0 | |a Democracia |9 255256 | |
| 583 | |a last modification |c 19961114 00:00:00 |k Rodrigo Vera | ||
| 490 | 0 | |a <La >Pensée Juridique Moderne | |
| 999 | |c 253802 |d 253800 | ||
| 952 | |0 0 |1 0 |4 0 |6 340_109000000000000_GRZ_1992 |7 0 |8 DER_TF |9 274905 |a BIBDER |b BIBDER |d 2019-11-19 |i 3249808 |o 340.109 GRZ 1992 |p 3249808 |r 2023-01-25 |w 2019-11-19 |x Ubicación 4to Piso |y BK |z Estos recursos deben solicitarse con anticipación |k DER | ||